[Event "AUT-ch"]
[Site "St Johann im Pongau"]
[Date "2016.07.28"]
[Round "6"]
[White "Wieser, Rupert"]
[Black "Fasching, Markus"]
[Result "0-1"]
[WhiteElo "2009"]
[BlackElo "1978"]
[PlyCount "60"]
[EventDate "2016.07.23"]
[EventType "swiss"]
[EventRounds "9"]
[EventCountry "AUT"]
[SourceTitle "CBM 173 Extra"]
[Source "ChessBase"]
[SourceDate "2016.08.29"]
[SourceVersion "1"]
[SourceVersionDate "2016.08.29"]
[SourceQuality "1"]

1. c4 e6 2. Nf3 Nf6 3. b3 d5 4. Bb2 c5 5. cxd5 exd5 6. e3 b6 7. d4 Ba6 8. Bxa6 Nxa6 9. Qe2 Nc7 10. 0-0 Be7 11. Rd1 0-0 12. Nc3 Ne6 13. dxc5 Nxc5 14. Nd4 Qd7 15. Qf3 Nce4 16. Nf5 Nxc3 17. Nxe7+ Qxe7 18. Bxc3 Ne4 19. Bb2 Rfd8 20. Rac1 Rd7 21. Rc2 Rad8 22. h3 b5 23. Rdc1 a5 24. Bd4 a4 25. Qe2 Qb4 26. bxa4 bxa4 27. Qg4 Qf8 28. f3 Nd6 29. Bc5 Qe8 30. Bxd6 Qxe3+ 0-1

[Event "Schwarzach op 26th"]
[Site "Schwarzach"]
[Date "2011.08.21"]
[Round "2"]
[White "Wieser, Rupert"]
[Black "Wustefeld, Carl"]
[Result "0-1"]
[WhiteElo "2064"]
[BlackElo "2280"]
[PlyCount "30"]
[EventDate "2011.08.20"]
[EventType "swiss"]
[EventRounds "9"]
[EventCountry "AUT"]
[SourceTitle "CBM 144 Extra"]
[Source "ChessBase"]
[SourceDate "2011.10.28"]
[SourceVersion "1"]
[SourceVersionDate "2011.10.28"]
[SourceQuality "1"]

1. Nc3 d5 2. e4 d4 3. Nce2 e5 4. f4 Nc6 5. Nf3 Bg4 6. fxe5 Nge7 7. h3 Bxf3 8. gxf3 d3 9. cxd3 Ng6 10. Bg2 Bc5 11. d4 Nxd4 12. Qa4+ b5 13. Qa6 Nc2+ 14. Kd1 Ne3+ 15. Ke1 Qh4+ 0-1

[Event "Schwarzach op 26th"]
[Site "Schwarzach"]
[Date "2011.08.20"]
[Round "1"]
[White "Jens, Jelmer"]
[Black "Wieser, Rupert"]
[Result "1/2-1/2"]
[WhiteElo "2382"]
[BlackElo "2064"]
[PlyCount "80"]
[EventDate "2011.08.20"]
[EventType "swiss"]
[EventRounds "9"]
[EventCountry "AUT"]
[SourceTitle "CBM 144 Extra"]
[Source "ChessBase"]
[SourceDate "2011.10.28"]
[SourceVersion "1"]
[SourceVersionDate "2011.10.28"]
[SourceQuality "1"]

1. e4 c5 2. Nf3 g6 3. d4 cxd4 4. Nxd4 Nc6 5. Nc3 Bg7 6. Be3 Nf6 7. Bc4 0-0 8. Bb3 Qa5 9. 0-0 d6 10. h3 Bd7 11. f4 Nxd4 12. Bxd4 Bc6 13. Qd3 Nd7 14. Bxg7 Kxg7 15. Rad1 Nc5 16. Qd4+ Kg8 17. Bc4 Ne6 18. Qe3 Rac8 19. Bd5 Qc5 20. Qxc5 Nxc5 21. Rfe1 Rfd8 22. Rd2 Kf8 23. a3 a6 24. Kf2 Nd7 25. Ke2 b5 26. Red1 Ke8 27. Ke3 Rb8 28. Rd4 Rdc8 29. g4 Nb6 30. e5 dxe5 31. fxe5 e6 32. Ba2 Rd8 33. Rd6 Ba8 34. Ne4 Bxe4 35. Kxe4 Rxd6 36. exd6 Kd7 37. Ke5 Nc8 38. c4 Rb6 39. Kf6 Nxd6 40. h4 Ke8 1/2-1/2

[Event "Lienz op"]
[Site "Lienz"]
[Date "2007.02.12"]
[Round "4"]
[White "Wieser, Rupert"]
[Black "Djurkovic, Maks"]
[Result "0-1"]
[WhiteElo "2133"]
[BlackElo "2223"]
[PlyCount "66"]
[EventDate "2007.02.10"]
[EventType "swiss"]
[EventRounds "9"]
[EventCountry "AUT"]
[SourceTitle "EXT 2008"]
[Source "ChessBase"]
[SourceDate "2007.11.25"]
[SourceVersion "1"]
[SourceVersionDate "2007.11.25"]
[SourceQuality "1"]

1. e4 d6 2. d4 e5 3. Nf3 exd4 4. Nxd4 g6 5. g3 Bg7 6. Bg2 Ne7 7. Nc3 0-0 8. 0-0 Nbc6 9. Nde2 f5 10. exf5 Bxf5 11. h3 Qd7 12. Kh2 Rae8 13. Be3 h6 14. Qd2 Kh7 15. g4 Be6 16. Rad1 Ne5 17. f4 Nc4 18. Qc1 Nxe3 19. Qxe3 b6 20. Qd3 d5 21. Nd4 Bxd4 22. Qxd4 c5 23. Qd3 d4 24. Be4 Qc7 25. Ne2 Bd5 26. c3 Bxe4 27. Qxe4 Nf5 28. Qd3 c4 29. Qf3 d3 30. gxf5 dxe2 31. fxg6+ Kg7 32. Qg4 exd1Q 33. Rxd1 Qxf4+ 0-1

[Event "Schwarzach op"]
[Site "Schwarzach"]
[Date "2005.08.??"]
[Round "7"]
[White "Groetz, Harald"]
[Black "Wieser, Rupert"]
[Result "1-0"]
[WhiteElo "2325"]
[BlackElo "2128"]
[PlyCount "117"]
[EventDate "2005.08.??"]
[EventType "swiss"]
[EventRounds "9"]
[EventCountry "AUT"]
[SourceTitle "EXT 2007"]
[Source "ChessBase"]
[SourceDate "2006.11.23"]
[SourceVersion "1"]
[SourceVersionDate "2006.11.23"]
[SourceQuality "1"]

1. e4 c5 2. Nf3 e6 3. d4 cxd4 4. Nxd4 a6 5. Bd3 Bc5 6. Nb3 Ba7 7. Qe2 d6 8. Be3 Nc6 9. f4 Nge7 10. c4 Nb4 11. N1d2 Nxd3+ 12. Qxd3 Bxe3 13. Qxe3 d5 14. 0-0 0-0 15. Rad1 Qc7 16. cxd5 exd5 17. Rc1 Qb8 18. Qc5 Qa7 19. Qxa7 Rxa7 20. Rc7 Re8 21. Rfc1 Ra8 22. e5 Nc6 23. Nf3 Nb4 24. Ng5 Nd3 25. Rf1 Rf8 26. Nc5 Nxc5 27. Rxc5 f6 28. exf6 gxf6 29. Nf3 Bf5 30. Nd4 Rac8 31. Rfc1 Rxc5 32. Rxc5 Rc8 33. Rxd5 Be4 34. Rd7 Rc1+ 35. Kf2 Rb1 36. Ke3 Bxg2 37. Nf5 Rxb2 38. a4 Ra2 39. h4 Rxa4 40. Rg7+ Kf8 41. Rxg2 Ra3+ 42. Ke4 b5 43. Kd5 b4 44. Ke6 Rc3 45. Nh6 Re3+ 46. Kxf6 Ke8 47. Rd2 Re7 48. Nf5 Rf7+ 49. Ke6 Ra7 50. h5 a5 51. h6 Ra6+ 52. Nd6+ Kf8 53. Rc2 Ra8 54. Rc7 b3 55. Rxh7 Kg8 56. Rg7+ Kf8 57. Rg3 b2 58. h7 b1Q 59. Rg8# 1-0

[Event "Schwarzach op"]
[Site "Schwarzach"]
[Date "2005.08.??"]
[Round "2"]
[White "Wieser, Rupert"]
[Black "Wohl, Aleksandar H"]
[Result "1/2-1/2"]
[WhiteElo "2128"]
[BlackElo "2439"]
[PlyCount "43"]
[EventDate "2005.08.??"]
[EventType "swiss"]
[EventRounds "9"]
[EventCountry "AUT"]
[SourceTitle "EXT 2007"]
[Source "ChessBase"]
[SourceDate "2006.11.23"]
[SourceVersion "1"]
[SourceVersionDate "2006.11.23"]
[SourceQuality "1"]

1. d4 e6 2. c4 b6 3. e4 Bb7 4. Nc3 Bb4 5. f3 Ne7 6. Nge2 f5 7. a3 Bxc3+ 8. Nxc3 fxe4 9. fxe4 Ng6 10. h4 0-0 11. h5 Qf6 12. Be3 Ne7 13. Qg4 Nbc6 14. 0-0-0 d5 15. Bd3 dxe4 16. Nxe4 Qf5 17. Qg3 Nb4 18. axb4 Bxe4 19. Rdf1 Bxd3 20. Rxf5 Nxf5 21. Qe5 Bxc4 22. h6 1/2-1/2

[Event "Schwarzach op-A"]
[Site "Schwarzach"]
[Date "2001.08.29"]
[Round "5"]
[White "Staller, Peter"]
[Black "Wieser, Rupert"]
[Result "1-0"]
[WhiteElo "2310"]
[BlackElo "2207"]
[PlyCount "63"]
[EventDate "2001.08.25"]
[EventType "swiss"]
[EventRounds "9"]
[EventCountry "AUT"]
[SourceTitle "EXT 2002"]
[Source "ChessBase"]
[SourceDate "2001.11.25"]
[SourceVersion "1"]
[SourceVersionDate "2001.11.25"]
[SourceQuality "1"]

1. e4 e5 2. Nf3 Nc6 3. Bb5 a6 4. Ba4 Nf6 5. Qe2 b5 6. Bb3 Be7 7. 0-0 0-0 8. c3 Bb7 9. d4 d6 10. Rd1 Nd7 11. Nbd2 Bf6 12. Nf1 Na5 13. Bc2 Re8 14. d5 Nc4 15. a4 Ncb6 16. a5 Nc8 17. b4 Nf8 18. Ne3 g6 19. Ng4 h5 20. Nxf6+ Qxf6 21. c4 Nh7 22. cxb5 axb5 23. Qxb5 Ne7 24. Qxb7 Reb8 25. Qxc7 Rc8 26. Qb7 Rab8 27. a6 Rxb7 28. axb7 Rb8 29. Ra8 Nc6 30. dxc6 Qd8 31. Rxb8 Qxb8 32. Be3 1-0

[Event "Schwarzach op-A"]
[Site "Schwarzach"]
[Date "2001.08.28"]
[Round "4"]
[White "Wieser, Rupert"]
[Black "Hecht, Hans Joachim"]
[Result "1/2-1/2"]
[WhiteElo "2207"]
[BlackElo "2428"]
[PlyCount "27"]
[EventDate "2001.08.25"]
[EventType "swiss"]
[EventRounds "9"]
[EventCountry "AUT"]
[SourceTitle "EXT 2002"]
[Source "ChessBase"]
[SourceDate "2001.11.25"]
[SourceVersion "1"]
[SourceVersionDate "2001.11.25"]
[SourceQuality "1"]

1. e4 c5 2. Nf3 Nc6 3. d4 cxd4 4. Nxd4 g6 5. c4 Bg7 6. Be3 Nf6 7. Nc3 Ng4 8. Qxg4 Nxd4 9. Qd1 e5 10. Bd3 d6 11. 0-0 0-0 12. Qd2 Be6 13. b3 a6 14. Rac1 1/2-1/2

[Event "Schwarzach op-A"]
[Site "Schwarzach"]
[Date "2000.08.20"]
[Round "2"]
[White "Weiland, Guenter"]
[Black "Wieser, Rupert"]
[Result "1/2-1/2"]
[WhiteElo "2095"]
[BlackElo "2171"]
[PlyCount "71"]
[EventDate "2000.08.19"]
[EventType "swiss"]
[EventRounds "9"]
[EventCountry "AUT"]
[SourceTitle "EXT 2001"]
[Source "ChessBase"]
[SourceDate "2000.11.22"]
[SourceVersion "1"]
[SourceVersionDate "2000.11.22"]
[SourceQuality "1"]

1. Nf3 f5 2. d4 Nf6 3. g3 e6 4. Bg2 d5 5. 0-0 c6 6. a4 a5 7. c3 Bd6 8. Bf4 Bxf4 9. gxf4 0-0 10. e3 Bd7 11. Nbd2 Be8 12. Ne5 Nbd7 13. Ndf3 Bh5 14. Nxd7 Nxd7 15. Kh1 Kh8 16. Rg1 Nf6 17. Qe1 Bxf3 18. Bxf3 Nd7 19. b4 Rf6 20. Rg3 Rh6 21. Qg1 Qe7 22. Rb1 Nb6 23. Bd1 Nc4 24. b5 Nd2 25. Rc1 cxb5 26. axb5 Ne4 27. Rg2 b6 28. f3 Nd6 29. Be2 Rc8 30. Bd3 Rh3 31. Qf1 Rh6 32. c4 dxc4 33. Bxc4 Rf6 34. Bd3 Rcf8 35. Rgc2 Qb7 36. Rc6 1/2-1/2

[Event "Linz op 10th"]
[Site "Linz"]
[Date "1999.??.??"]
[Round "?"]
[White "Niedermayr, Horst"]
[Black "Wieser, Rupert"]
[Result "1/2-1/2"]
[WhiteElo "2235"]
[BlackElo "2124"]
[PlyCount "22"]
[EventDate "1999.??.??"]
[EventType "swiss"]
[EventRounds "9"]
[EventCountry "AUT"]
[SourceTitle "EXT 2002"]
[Source "ChessBase"]
[SourceDate "2001.11.25"]
[SourceVersion "1"]
[SourceVersionDate "2001.11.25"]
[SourceQuality "1"]

1. e4 Nc6 2. Nf3 d6 3. d4 Nf6 4. Nc3 Bg4 5. Be2 e6 6. Be3 Be7 7. d5 Bxf3 8. Bxf3 Ne5 9. Be2 0-0 10. 0-0 c6 11. f4 Ned7 1/2-1/2

[Event "Schwarzach op-A"]
[Site "Schwarzach"]
[Date "1999.??.??"]
[Round "1"]
[White "Wieser, Rupert"]
[Black "Zoler, Dan"]
[Result "0-1"]
[WhiteElo "2120"]
[BlackElo "2525"]
[PlyCount "66"]
[EventDate "1999.08.??"]
[EventType "swiss"]
[EventRounds "9"]
[EventCountry "AUT"]
[SourceTitle "EXT 2000"]
[Source "ChessBase"]
[SourceDate "1999.11.16"]
[SourceVersion "1"]
[SourceVersionDate "1999.11.16"]
[SourceQuality "1"]

1. d4 Nf6 2. c4 e6 3. Nf3 d5 4. Nc3 c6 5. e3 Nbd7 6. Qc2 Bd6 7. b3 0-0 8. Be2 Re8 9. 0-0 dxc4 10. bxc4 e5 11. Rd1 Qe7 12. Rb1 e4 13. Nd2 Nf8 14. Nf1 Ng6 15. f3 exf3 16. gxf3 Qe6 17. Bd3 Qh3 18. Qf2 Qh6 19. Bd2 Nh4 20. Ng3 Nh5 21. Be2 Qg6 22. f4 Nf6 23. Kh1 Ng4 24. Bxg4 Bxg4 25. Rf1 Bf3+ 26. Kg1 b6 27. e4 Bxe4 28. Ncxe4 Rxe4 29. Rfd1 Rxd4 30. Qe2 Nf5 31. Kf2 h5 32. Nxh5 Rxd2 33. Qxd2 Bc5+ 0-1

[Event "Werfen op-A"]
[Site "Werfen"]
[Date "1995.??.??"]
[Round "5"]
[White "Wieser, Rupert"]
[Black "Kyas, Juergen"]
[Result "0-1"]
[WhiteElo "1890"]
[BlackElo "2245"]
[PlyCount "50"]
[EventDate "1995.09.??"]
[EventType "swiss"]
[EventRounds "9"]
[EventCountry "AUT"]
[SourceTitle "EXT 1997"]
[Source "ChessBase"]
[SourceDate "1996.11.15"]
[SourceVersion "1"]
[SourceVersionDate "1996.11.15"]
[SourceQuality "1"]

1. e4 c5 2. Nf3 d6 3. d4 cxd4 4. Nxd4 Nf6 5. Nc3 e6 6. Be2 a6 7. 0-0 Be7 8. Kh1 0-0 9. f4 Nc6 10. Be3 Bd7 11. a4 Qc7 12. Bf3 Na5 13. Qe1 Rab8 14. Qf2 Nc4 15. Bc1 b5 16. axb5 axb5 17. e5 dxe5 18. fxe5 Qxe5 19. b3 Bc5 20. Nce2 Bxd4 21. Nxd4 Nb6 22. Bc6 Bxc6 23. Nxc6 Qxa1 24. Nxb8 Rxb8 25. Bf4 Ra8 0-1

[Event "Werfen op-A"]
[Site "Werfen"]
[Date "1992.??.??"]
[Round "2"]
[White "Wieser, Rupert"]
[Black "Stajcic, Nikola"]
[Result "0-1"]
[WhiteElo "1835"]
[BlackElo "2300"]
[PlyCount "44"]
[EventDate "1992.08.??"]
[EventType "swiss"]
[EventRounds "9"]
[EventCountry "AUT"]
[SourceTitle "EXT 1997"]
[Source "ChessBase"]
[SourceDate "1996.11.15"]
[SourceVersion "1"]
[SourceVersionDate "1996.11.15"]
[SourceQuality "1"]

1. e4 c5 2. c4 e6 3. Nc3 d6 4. g3 Nc6 5. Bg2 g6 6. Nge2 Bg7 7. d3 Nge7 8. 0-0 0-0 9. a3 Nd4 10. Rb1 Rb8 11. b4 b6 12. b5 Bb7 13. Be3 d5 14. f4 Ra8 15. Kh1 Nxe2 16. Nxe2 a6 17. a4 axb5 18. axb5 dxe4 19. dxe4 Ra2 20. Re1 Qa8 21. Qd3 Rd8 22. Qb3 Ra3 0-1